| 000 | 00347 a2200145 4500 | ||
|---|---|---|---|
| 001 | 167348 | ||
| 020 | _a | ||
| 040 | _cMagnum | ||
| 100 | _aMarcellino, Nelson Carvalho (Org.) | ||
| 240 | 1 | 0 |
_aLudico, educacao e educacao fisica _lpor |
| 245 | 1 | 0 | _aLudico, educacao e educacao fisica |
| 362 | 0 | _a1899 | |
| 697 | _aEDUCACAO FISICA | ||
| 942 | _cBK | ||
| 999 |
_c167348 _d167348 |
||